000 00621nam a2200229Ia 4500
003 OSt
005 20220918230005.0
006 a|||||r|||| 00| 0
007 ta
008 220917b |||||||| |||| 00| 0 eng d
024 _a247,544
037 _cTextual
040 _aARTS
_cARTS
_beng
041 _2eng
_aeng
082 _aX755.2.N6, L2
100 _aPrasad D.N.
_9151644
245 0 _aExternal resources in economic devleopment of India
260 _aNew Delhi
_bSterling Pub India
_c1972
650 _aECONOMICS
942 _hX755.2.N6, L2
_cTEXL
_2CC
999 _c286672
_d286672